[Event "COL-ch Amateur"]
[Site "San Andres Islas"]
[Date "2013.03.17"]
[Round "9"]
[White "Torres, Juan Diego"]
[Black "Abril Guiza, Mauricio"]
[Result "1/2-1/2"]
[WhiteElo "1810"]
[BlackElo "1998"]
[PlyCount "95"]
[EventDate "2013.03.13"]
[EventType "swiss"]
[EventRounds "9"]
[EventCountry "COL"]
[SourceTitle "CBM 153 Extra"]
[Source "ChessBase"]
[SourceDate "2013.04.22"]
[SourceVersion "1"]
[SourceVersionDate "2013.04.22"]
[SourceQuality "1"]

1. e4 c5 2. Nf3 Nc6 3. Bb5 Nf6 4. Qe2 g6 5. c3 Bg7 6. 0-0 0-0 7. d4 cxd4 8. cxd4 d5 9. e5 Ne4 10. Nc3 Nxc3 11. bxc3 Bg4 12. h3 Bxf3 13. Qxf3 Na5 14. Bf4 a6 15. Bd3 Rc8 16. Rfc1 b5 17. g4 e6 18. Qe3 Nc4 19. Bxc4 Rxc4 20. Bg5 Qc7 21. h4 Rc8 22. Qe2 Rxc3 23. Rxc3 Qxc3 24. Rc1 Qxc1+ 25. Bxc1 Rxc1+ 26. Kg2 Rc4 27. Qd2 h6 28. h5 gxh5 29. gxh5 b4 30. f4 a5 31. Qd1 Rc3 32. Qa4 Ra3 33. Qe8+ Bf8 34. f5 exf5 35. e6 fxe6 36. Qxe6+ Kh8 37. Qxd5 f4 38. Qe5+ Bg7 39. Qe8+ Kh7 40. Qg6+ Kh8 41. Qe8+ Kh7 42. Qf7 f3+ 43. Kf1 a4 44. Qg6+ Kh8 45. Qe8+ Kh7 46. Qg6+ Kh8 47. Qe8+ Kh7 48. Qg6+ 1/2-1/2

[Event "COL-ch Amateur"]
[Site "San Andres Islas"]
[Date "2013.03.16"]
[Round "6"]
[White "Abril Guiza, Mauricio"]
[Black "Corpus, Jair Samir"]
[Result "0-1"]
[WhiteElo "1998"]
[BlackElo "1881"]
[PlyCount "85"]
[EventDate "2013.03.13"]
[EventType "swiss"]
[EventRounds "9"]
[EventCountry "COL"]
[SourceTitle "CBM 153 Extra"]
[Source "ChessBase"]
[SourceDate "2013.04.22"]
[SourceVersion "1"]
[SourceVersionDate "2013.04.22"]
[SourceQuality "1"]

1. Nf3 Nc6 2. c4 e5 3. Nc3 Nf6 4. d3 d5 5. cxd5 Nxd5 6. g3 Be7 7. Bg2 Be6 8. 0-0 h5 9. h4 Qd7 10. Re1 f6 11. Ne4 0-0-0 12. a3 g5 13. b4 gxh4 14. Nxh4 Rdg8 15. Nc5 Bxc5 16. bxc5 f5 17. e3 f4 18. exf4 exf4 19. Rxe6 Qxe6 20. Bb2 Rh6 21. Qf3 Nce7 22. Kh2 Kb8 23. Bh3 Qf7 24. Rf1 fxg3+ 25. fxg3 Qxf3 26. Rxf3 a6 27. Rf7 Re8 28. Bg2 Re6 29. Be4 Ne3 30. Nf3 Ng4+ 31. Kg2 Nc6 32. Ng5 R6e7 33. Rf4 Nce5 34. Kh3 Rg8 35. Bc1 Ka7 36. Rf5 Rd7 37. Ne6 Nxd3 38. Bxd3 Rxd3 39. Bf4 Rxa3 40. Bxc7 Ra2 41. Bb6+ Kb8 42. Rf8+ Rxf8 43. Nxf8 0-1

[Event "COL-ch Amateur"]
[Site "San Andres Islas"]
[Date "2013.03.15"]
[Round "5"]
[White "Martinez, Luis Hernando"]
[Black "Abril Guiza, Mauricio"]
[Result "1-0"]
[WhiteElo "1600"]
[BlackElo "1998"]
[PlyCount "77"]
[EventDate "2013.03.13"]
[EventType "swiss"]
[EventRounds "9"]
[EventCountry "COL"]
[SourceTitle "CBM 153 Extra"]
[Source "ChessBase"]
[SourceDate "2013.04.22"]
[SourceVersion "1"]
[SourceVersionDate "2013.04.22"]
[SourceQuality "1"]

1. e4 c5 2. Nf3 Nc6 3. c3 d5 4. e5 d4 5. cxd4 cxd4 6. Bc4 e6 7. 0-0 Nge7 8. d3 Ng6 9. Qe2 Be7 10. a3 0-0 11. g3 a6 12. b4 b5 13. Bb3 Bb7 14. Nbd2 Qb6 15. Bb2 Rfd8 16. h4 h6 17. Rac1 a5 18. bxa5 Nxa5 19. Bd1 Nc6 20. h5 Nf8 21. Ra1 Nd7 22. Kh2 Nc5 23. Ne1 Na4 24. Bxa4 Rxa4 25. f4 Qc5 26. Ne4 Qd5 27. Nf3 Rda8 28. Nfd2 Bxa3 29. Bxa3 Rxa3 30. Rxa3 Rxa3 31. Rg1 Kh8 32. Nd6 Nd8 33. Kh3 Qa2 34. Qg4 Qxd2 35. Ne8 g5 36. hxg6 f5 37. g7+ Kg8 38. Nf6+ Kf7 39. g8Q+ 1-0

[Event "Duitama op 9th"]
[Site "Duitama"]
[Date "2013.01.07"]
[Round "7"]
[White "Cardozo Meza, Ferney Adan"]
[Black "Abril Guiza, Mauricio"]
[Result "0-1"]
[WhiteElo "1906"]
[BlackElo "1989"]
[PlyCount "81"]
[EventDate "2013.01.03"]
[EventType "swiss"]
[EventRounds "7"]
[EventCountry "COL"]
[SourceTitle "CBM 152 Extra"]
[Source "ChessBase"]
[SourceDate "2013.02.25"]
[SourceVersion "1"]
[SourceVersionDate "2013.02.25"]
[SourceQuality "1"]

1. e4 c5 2. Nf3 Nc6 3. d4 cxd4 4. Nxd4 e5 5. Nb5 d6 6. N1c3 a6 7. Na3 b5 8. Nd5 Nge7 9. c3 Nxd5 10. Qxd5 Bb7 11. Qd3 Be7 12. Nc2 0-0 13. Ne3 Bg5 14. Nf5 Bxc1 15. Rxc1 Qg5 16. Rd1 d5 17. Nd6 Nd8 18. Nxb7 Nxb7 19. exd5 Nd6 20. Qg3 Qf5 21. Bd3 e4 22. Bb1 Rad8 23. 0-0 Qh5 24. f3 e3 25. Rde1 Nc4 26. Re2 Rxd5 27. b3 Rg5 28. Qf4 Nd2 29. Rd1 Qh6 30. Qxe3 Nxb1 31. f4 Rh5 32. Rxb1 Rxh2 33. Kf2 Qh4+ 34. Qg3 Qh6 35. Rbe1 Rh4 36. Re4 Qf6 37. Qf3 g6 38. Kg1 Kg7 39. g3 Rh5 40. g4 Rc5 41. Re5 0-1

[Event "Duitama op 9th"]
[Site "Duitama"]
[Date "2013.01.06"]
[Round "6"]
[White "Abril Guiza, Mauricio"]
[Black "Velasco, Luz Mariela"]
[Result "1-0"]
[WhiteElo "1989"]
[BlackElo "1805"]
[PlyCount "71"]
[EventDate "2013.01.03"]
[EventType "swiss"]
[EventRounds "7"]
[EventCountry "COL"]
[SourceTitle "CBM 152 Extra"]
[Source "ChessBase"]
[SourceDate "2013.02.25"]
[SourceVersion "1"]
[SourceVersionDate "2013.02.25"]
[SourceQuality "1"]

1. Nf3 c5 2. g3 d5 3. Bg2 Nf6 4. c4 d4 5. b4 cxb4 6. a3 Nc6 7. axb4 Nxb4 8. Ne5 e6 9. Ba3 Qa5 10. 0-0 Bd6 11. Nd3 Nxd3 12. Bxd6 Qxa1 13. exd3 a5 14. Qb3 a4 15. Qb5+ Nd7 16. Bxb7 Bxb7 17. Qxb7 Rd8 18. Nc3 Qxf1+ 19. Kxf1 dxc3 20. dxc3 f5 21. Qc6 Kf7 22. Qxa4 Nf6 23. c5 Ra8 24. Qc6 Ra2 25. Qb7+ Kg6 26. Qb3 Rha8 27. Qxe6 Rc2 28. Be5 Re8 29. Qd6 Ra8 30. c6 Raa2 31. Bd4 Kg5 32. h3 h5 33. c7 h4 34. gxh4+ Kxh4 35. c8Q Kxh3 36. Qg3# 1-0